000 01064nam a2200253 a 4500
001 25951
003 CO-ViMGA
008 141112s2004 ck r 000 u spa d
015 _ack - 2010 - xxxx
020 _a9789586764896
040 _aCO-ViMGA
_bspa
_cCO-ViMGA
082 0 4 _a342.066 C15p
100 1 _aCanosa Torrado, Fernando, 1958 -
_940495
245 1 0 _aProcedencia de la tutela contra providencias judiciales por falta de valoración probatoria :
_banálisis de su incidencia en la legislación procesal y en el nuevo sistema penal acusatorio /
_cFernando Canosa Torrado
246 _aLa acción de tutela por falta de valoración probatoria
260 _aBogotá :
_bDoctrina y Ley,
_c2010
300 _axviii, 684 p. ; 25 cm
500 _aIncluye índice de autores y de normas al final del texto
598 _aNEW - GRAL
650 1 4 _aAcción de tutela - Aspectos constitucionales - Colombia
_940496
917 _a2010 - 5427 2 ejemplares
942 _2ddc
_cBK
990 _a2010 - 5427 Ediciones doctrina y ley 2 ejemplares 21 13082010 a728321
999 _c33187
_d33187